Richmond River Express Examiner (Casino, Australia)

Detalles Bibliográficos
Formato: eBook
Lenguaje:inglés
Publicado: Casino: News Limited, 2014 -
Materias:
Acceso en línea:Acceso restringido

MARC

LEADER 00000nam a22000007a 4500
005 20191017003622.0
007 cr|||| ||||
008 191017c20149999au wr|w s|||| 0|||b1eng d
022 |a 0156-9090 
035 |a 22530 
040 |a vLex 
090 |c 9876  |d 9876 
245 0 0 |a Richmond River Express Examiner (Casino, Australia)  |h [Recurso electrn̤ico] / 
256 |a Servicio en ln̕ea 
260 |a Casino:  |b News Limited,  |c 2014 - 
300 |a 1 recurso electrn̤ico 
310 |a Semanal 
506 1 |a Disponible solo en los productos indicados  |d vLex Global  |d vLex Global (Academic Edition, excluding Law Schools)  |d vLex Global (U.S. Academic Edition, Law Schools)  |d vLex Global (U.S. Academic Edition, excluding Law Schools)  |d vLex Global (Academic Edition, Law Schools) 
650 0 4 |a Interš general  |z Australia 
740 0 |a vLex Revistas (Servicio en ln̕ea) 
856 4 0 |u http://vlex.com/source/22530  |z Acceso restringido 
942 |c REV 
999 0 |a General interest